[Event "ICS rated blitz match"]
[Site "207.99.83.227"]
[Date "1999.04.28"]
[Round "?"]
[White "Hossa"]
[Black "RichardF"]
[Result "1/2-1/2"]
[WhiteElo "2433"]
[BlackElo "2407"]
[PlyCount "119"]

1. d4 d5 2. c4 dxc4 3. Nf3 Nf6 4. Nbd2 b5 5. a4 c6 6. e3 Nbd7 7. Be2 e6 8. Ne5
Nxe5 9. dxe5 Nd5 10. axb5 cxb5 11. O-O Bb7 12. e4 Nf4 13. Nf3 Qxd1 14. Bxd1 Nd3
15. Nd4 a6 16. Bh5 O-O-O 17. Nc2 Nxe5 18. Ne3 Bxe4 19. Rxa6 Kb7 20. Ra5 Kb6 21.
Ra1 Bc5 22. Ng4 Nc6 23. Bxf7 Rhf8 24. Bxe6 Rd6 25. Bxc4 bxc4 26. Be3 Re8 27.
Rfc1 Nd4 28. Rxc4 Kb5 29. Bxd4 Kxc4 30. Bxc5 Kxc5 31. Ne3 Rd2 32. Ra7 Rxb2 33.
h4 Rb1+ 34. Kh2 Rb7 35. Ra1 Bd3 36. Rc1+ Kd4 37. Kg3 Re6 38. h5 Re5 39. h6 Rg5+
40. Kh4 gxh6 41. Ra1 Rb4 42. g4 Rc5 43. Ra8 Bg6 44. Rd8+ Ke5 45. Kg3 h5 46.
gxh5 Bxh5 47. Rf8 Ke6 48. f4 Rb3 49. Kf2 Rcc3 50. f5+ Ke5 51. Nf1 Rf3+ 52. Kg2
Rb2+ 53. Kg1 Rb1 54. Kg2 Rbxf1 55. Rb8 Kxf5 56. Kh2 R1f2+ 57. Kg1 Rf1+ 58. Kh2
R3f2+ 59. Kg3 Rf3+ 60. Kh2 {Game drawn by repetition} 1/2-1/2

[Event "ICS rated blitz match"]
[Site "207.99.83.227"]
[Date "1999.04.28"]
[Round "?"]
[White "RichardF"]
[Black "Hossa"]
[Result "1-0"]
[WhiteElo "2430"]
[BlackElo "2443"]
[Annotator "Crafty v16.6"]
[PlyCount "143"]

{annotating for player ossa using a scoring margin of +0.10 pawns. search time
limit is 10.00} 1. Nf3 1... c5 2. e4 Nc6 3. d4 cxd4 4. Nxd4 e5 5. Nb5 Nf6 ({
8:-0.40} 5... Nf6 6. N1c3 d6 7. Be2 Be7 8. O-O O-O 9. Bg5 $14) ({8:-0.23} 5...
a6 6. Nd6+ Bxd6 7. Qxd6 Qe7 8. Qxe7+ Ngxe7 9. Bc4 O-O 10. O-O b5 11. Bb3 $10)
6. N1c3 Bb4 7. a3 Bxc3+ 8. Nxc3 Qa5 ({9:-0.58} 8... Qa5 9. Bd3 d5 10. Bd2 d4
11. Nd5 Qd8 12. Qf3 12... Be6 $14) ({9:-0.37} 8... O-O 9. Bd3 Nd4 10. O-O Qc7
11. Be3 Qd6 12. Bc4 12... Qc5 $14) 9. f3 O-O 10. Be3 Rb8 ({9:-0.56} 10... Rb8
11. Bc4 b5 12. Bb3 Qd8 13. O-O Qe7 14. Nd5 14... Qe6 $14) ({9:-0.40} 10... Rd8
11. Bc4 d6 12. O-O Qc7 13. Nd5 Nxd5 14. Bxd5 Be6 15. Bg5 $14) 11. Be2 Nh5 ({
9:-0.80} 11... Nh5 12. Qd6 Nf4 13. Bxf4 exf4 14. Bb5 Ra8 15. Qxf4 Nd4 16. Bd3
$16) ({9:-0.59} 11... Qd8 12. O-O Qe7 13. Qd3 Rd8 14. Nd5 Nxd5 15. Qxd5 Qh4 16.
Rad1 $14) 12. Qd6 Re8 ({9:-1.04} 12... Re8 13. b4 Qd8 14. Bxa7 Ra8 15. Bc5 Re6
16. Qd5 Qh4+ 17. g3 $16) ({9:-0.66} 12... Nf4 13. b4 Qd8 14. Bxf4 exf4 15. Qxf4
Ra8 16. Nb5 a5 17. Nc7 $14) 13. b4 Qd8 14. O-O-O a5 15. b5 Re6 16. Qd2 Qe7 17.
Kb2 Nd4 18. Bxd4 exd4 19. Qxd4 b6 20. Bc4 Re5 21. Nd5 Qd6 22. f4 Re8 23. g4
Nxf4 24. e5 Qxe5 25. Qxe5 Rxe5 26. Nxf4 d6 27. h3 Bb7 28. Nd5 Rc8 29. Nxb6 Rxc4
30. Nxc4 Rxb5+ 31. Kc1 Bxh1 32. Rxh1 d5 33. Rd1 f5 34. Nd6 Rc5 35. Nxf5 Kf7 36.
a4 g6 37. Ne3 Ke6 38. g5 Ke5 39. h4 Ke4 40. Ng4 Rc4 41. Nf6+ Kf3 42. Rd3+ Kf2
43. Nxh7 Rxh4 44. Nf8 Rxa4 45. Rxd5 Kf3 46. Nxg6 Ke4 47. Ne7 Ra1+ 48. Kb2 Rg1
49. Rxa5 Ke3 50. g6 Ke2 51. Re5+ Kd2 52. c4 Kd3 53. c5 Rg2+ 54. Kb3 Rg3 55. c6
Kd4+ 56. Kb4 Kxe5 57. c7 Rg4+ 58. Kb5 Rg1 59. c8=Q Rb1+ 60. Ka6 Ra1+ 61. Kb7
Rb1+ 62. Kc7 Rc1+ 63. Kd8 Rd1+ 64. Ke8 Kf4 65. g7 Rg1 66. Qf5+ Ke3 67. g8=Q Rh1
68. Qgd5 Ke2 69. Qfe4+ Kf1 70. Qdf5+ Kg1 71. Qeg4+ Kh2 72. Qfh5# 1-0

[Event "ICS rated blitz match"]
[Site "207.99.83.227"]
[Date "1999.04.28"]
[Round "?"]
[White "Hossa"]
[Black "RichardF"]
[Result "0-1"]
[WhiteElo "2426"]
[BlackElo "2447"]
[Annotator "Crafty v16.6"]
[PlyCount "122"]

{annotating for player ossa using a scoring margin of +0.10 pawns. search time
limit is 10.00} 1. e4 1... c5 2. Nc3 Nc6 3. Nf3 g6 4. Bb5 a6 5. Bxc6 dxc6 6. d3
Bg7 7. Be3 Qb6 8. Na4 Qb5 9. c4 Qa5+ 10. Bd2 Qc7 11. Bc3 ({9:+0.37} 11. Bc3
11... Bxc3+ 12. bxc3 Nf6 13. Nxc5 Qa5 14. Na4 b5 15. e5 bxa4 16. exf6 16...
Qxc3+ $14) ({9:+0.68} 11. O-O 11... b6 12. Qb3 Rb8 13. Bc3 e5 14. Qc2 Bg4 15.
Ng5 $14) 11... Bxc3+ 12. bxc3 Nf6 13. Nxc5 Qa5 14. Nb3 Qxc3+ 15. Qd2 Qxd2+ 16.
Nfxd2 O-O 17. O-O e5 18. f4 exf4 19. Rxf4 Nd7 20. d4 b6 21. a4 c5 22. d5 Bb7
23. Raf1 Rad8 24. Nc1 f6 25. Nd3 Rde8 26. R4f2 Re7 27. Nf4 Rfe8 28. Rb1 a5 29.
Nd3 Ba6 30. Rf4 f5 31. exf5 Re2 32. Rd1 gxf5 33. Rxf5 R2e3 34. Rf3 Rxf3 35.
gxf3 Re3 36. Nf4 Rc3 37. Re1 Rc2 38. Re8+ Kf7 39. Re2 Bxc4 40. Nxc4 Rxc4 41.
Re4 Rc1+ 42. Kf2 Nf6 43. d6 Nxe4+ 44. fxe4 Rc4 45. Kf3 Rxa4 46. e5 Rxf4+ 47.
Kxf4 a4 48. Kf5 a3 49. e6+ Ke8 50. d7+ Ke7 51. Ke5 a2 52. Kd5 a1=Q 53. Kc6 c4
54. Kb7 c3 55. Kc7 Qa8 56. Kxb6 c2 57. h4 c1=Q 58. d8=Q+ Qxd8+ 59. Kb5 Qdc8 60.
Ka5 Qb1 61. h5 Qa8# 0-1

[Event "ICS rated blitz match"]
[Site "207.99.83.227"]
[Date "1999.04.28"]
[Round "?"]
[White "Slonik"]
[Black "Hossa"]
[Result "0-1"]
[WhiteElo "2141"]
[BlackElo "2411"]
[PlyCount "54"]

1. e4 e5 2. Nf3 Nc6 3. Bb5 a6 4. Ba4 Nf6 5. O-O b5 6. Bb3 Bc5 7. d3 O-O 8. c3
d5 9. exd5 Nxd5 10. Re1 Qd6 11. a4 Bb7 12. axb5 axb5 13. Rxa8 Bxa8 14. Nbd2 Bb6
15. Ne4 Qd8 16. Bg5 Nde7 17. Ng3 Kh8 18. Nxe5 Nxe5 19. Rxe5 f6 20. Rxb5 fxg5
21. Ne4 Bxe4 22. dxe4 Qxd1+ 23. Bxd1 Bxf2+ 24. Kh1 Be3 25. Bf3 g4 26. Re5 Ra8
27. h4 27... g3 {Slonik resigns} 0-1

[Event "ICS rated blitz match"]
[Site "207.99.83.227"]
[Date "1999.04.28"]
[Round "?"]
[White "Hossa"]
[Black "RichardF"]
[Result "1-0"]
[WhiteElo "2417"]
[BlackElo "2456"]
[PlyCount "103"]

1. c4 e5 2. Nc3 Nf6 3. Nf3 Nc6 4. e3 Bb4 5. Qc2 O-O 6. Nd5 Re8 7. Ng5 e4 8.
Nxf6+ Qxf6 9. Nxe4 Qg6 10. f3 f5 11. Nc3 d6 12. Kf2 Bc5 13. Be2 Nb4 14. Qa4 f4
15. Ne4 Nc6 16. Nxc5 dxc5 17. Rf1 Bd7 18. e4 Rad8 19. Qa3 b6 20. Kg1 Nd4 21.
Bd1 a5 22. Kh1 Qf6 23. Qd3 b5 24. Qa3 Qb6 25. cxb5 Bxb5 26. Re1 c4 27. Ba4 Re6
28. Bxb5 Qxb5 29. Qc3 Rc6 30. a4 Qg5 31. Rd1 Rg6 32. Qxc4+ Kh8 33. Qf1 Nc2 34.
Ra3 Nxa3 35. bxa3 c5 36. Bb2 c4 37. Bc3 Qc5 38. Rb1 Rb6 39. Qg1 Rxb1 40. Qxb1
Qc7 41. Qb2 Rb8 42. Qc1 Rb3 43. h4 Qb6 44. Kh2 Rb1 45. Bd4 Rxc1 46. Bxb6 Rc2
47. Bxa5 Ra2 48. Bb4 Rc2 49. a5 Rc1 50. a6 Rc2 51. a7 Rxd2 52. a8=Q+ {
RichardF resigns} 1-0

[Event "ICS rated blitz match"]
[Site "207.99.83.227"]
[Date "1999.04.28"]
[Round "?"]
[White "RichardF"]
[Black "Hossa"]
[Result "1-0"]
[WhiteElo "2438"]
[BlackElo "2435"]
[Annotator "Crafty v16.6"]
[PlyCount "75"]

{annotating for player ossa using a scoring margin of +0.10 pawns. search time
limit is 10.00} 1. e4 1... e6 2. d4 d5 3. e5 c5 4. c3 Nc6 5. Nf3 cxd4 6. cxd4
Bb4+ 7. Nc3 Nge7 8. Bd3 Bd7 9. O-O Rc8 ({8:-0.52} 9... Rc8 10. Be3 O-O 11. Ng5
h6 12. Nh7 Re8 13. Qh5 $14) ({8:-0.41} 9... O-O 10. Bg5 Ba5 11. Nb5 Nb4 12. Nd6
Nxd3 13. Qxd3 13... Bc6 $14) 10. Ne2 O-O 11. a3 Ba5 12. b4 Bb6 13. b5 Na5 14.
a4 Nc4 15. Qb3 f6 16. exf6 Rxf6 17. Bg5 Rf7 18. Bh4 Rxf3 19. gxf3 Nd2 20. Bxh7+
Kh8 21. Qa3 Nxf1 22. Bg6 Nxh2 23. Bxe7 Qc7 24. Rc1 Qb8 25. Rxc8+ Qxc8 26. Kxh2
Be8 27. Bb1 Kg8 28. Kg2 a6 29. Qd3 axb5 30. Qh7+ Kf7 31. Bg5 e5 32. Bg6+ Ke6
33. Qxg7 Qd8 34. Qxe5+ Kd7 35. Bf5+ Kc6 36. Qe6+ Qd6 37. Qxe8+ Kc7 38. Qc8# 1-0

[Event "ICS rated blitz match"]
[Site "207.99.83.227"]
[Date "1999.04.28"]
[Round "?"]
[White "Hossa"]
[Black "Danyel"]
[Result "1-0"]
[WhiteElo "2421"]
[BlackElo "2405"]
[PlyCount "51"]

1. Nf3 d5 2. g3 e6 3. Bg2 Nf6 4. O-O c6 5. d4 Ne4 6. Nbd2 f5 7. Nxe4 fxe4 8.
Ne1 Bd6 9. f3 exf3 10. Rxf3 Nd7 11. e4 Be7 12. Rf1 Nf6 13. e5 Nd7 14. Bh3 Nf8
15. Qf3 Kd7 16. Qf7 Kc7 17. Nd3 Bd7 18. Nf4 Qe8 19. Qxg7 Ng6 20. Nxe6+ Bxe6 21.
Bxe6 Rd8 22. Rf7 Kb8 23. Bf5 Rg8 24. Qxh7 Bc5 25. Rxb7+ Ka8 26. dxc5 {
Danyel resigns} 1-0

[Event "ICS rated blitz match"]
[Site "207.99.83.227"]
[Date "1999.04.28"]
[Round "?"]
[White "fafonchio"]
[Black "Hossa"]
[Result "0-1"]
[WhiteElo "2170"]
[BlackElo "2438"]
[PlyCount "92"]

1. b3 e5 2. Bb2 Nc6 3. e3 Nf6 4. g3 Be7 5. Bg2 O-O 6. Ne2 d5 7. O-O Bf5 8. f4
e4 9. h3 Bd6 10. g4 Be6 11. Qe1 Nb4 12. Na3 c5 13. Qh4 Qa5 14. Ng3 Rae8 15.
Bxf6 gxf6 16. Qxf6 Be7 17. Qb2 f6 18. f5 Bf7 19. Nb1 Qc7 20. Ne2 Kh8 21. Nf4
Qe5 22. Nc3 Rg8 23. a3 Nc6 24. Rab1 Rd8 25. Nce2 Qxb2 26. Rxb2 Rde8 27. a4 Bd6
28. Rbb1 a5 29. Nh5 Bxh5 30. gxh5 Rg5 31. Kh1 Reg8 32. Rg1 Rxh5 33. Rbf1 Ne7
34. Nf4 Bxf4 35. Rxf4 Rxf5 36. Rxf5 Nxf5 37. Kh2 Nh4 38. Bh1 Rxg1 39. Kxg1 f5
40. Kf2 d4 41. Kg3 Ng6 42. h4 Kg7 43. h5 Ne7 44. Kf4 Kf6 45. Bg2 Nd5+ 46. Kg3
46... dxe3 {fafonchio resigns} 0-1

[Event "ICS rated blitz match"]
[Site "207.99.83.227"]
[Date "1999.04.28"]
[Round "?"]
[White "star51"]
[Black "Hossa"]
[Result "0-1"]
[WhiteElo "2061"]
[BlackElo "2440"]
[PlyCount "66"]

1. e4 c5 2. f4 Nc6 3. Nf3 Nf6 4. Nc3 e6 5. Bb5 Be7 6. O-O O-O 7. Bxc6 dxc6 8.
d3 Qb6 9. Qe1 c4+ 10. d4 c5 11. d5 exd5 12. e5 Ng4 13. Nxd5 Qd8 14. Nxe7+ Qxe7
15. h3 Nh6 16. Bd2 Be6 17. Rd1 Bf5 18. c3 Bc2 19. Rc1 Bd3 20. Rf2 Nf5 21. Kh2
Rad8 22. g4 Nh4 23. Qg1 Nxf3+ 24. Rxf3 Be2 25. Rf2 Rxd2 26. Qe1 Rxb2 27. Rxe2
Rxe2+ 28. Qxe2 b5 29. a4 bxa4 30. Qxc4 Rd8 31. Rc2 a3 32. Qa4 Rd3 33. f5 33...
Qxe5+ {star51 resigns} 0-1

[Event "ICS Rated blitz match"]
[Site "207.99.83.227"]
[Date "1999.04.28"]
[Round "?"]
[White "Hossa"]
[Black "ColonialPast"]
[Result "0-1"]
[WhiteElo "2443"]
[BlackElo "2155"]
[Annotator "Crafty v16.6"]
[PlyCount "139"]

{annotating for player ossa using a scoring margin of +0.10 pawns. search time
limit is 10.00} 1. e4 1... c6 2. d4 d5 3. e5 ({8:-0.03} 3. e5 3... e6 4. Nf3
Ne7 5. Nc3 Nf5 6. Bg5 6... Be7 $10) ({8:+0.34} 3. exd5 3... cxd5 4. Nf3 Bg4 5.
Bb5+ Nc6 6. O-O a6 7. Bxc6+ bxc6 8. Bf4 8... Nf6 $14) 3... Bf5 4. Nf3 e6 5. Bd3
Bxd3 6. Qxd3 Qa5+ 7. Bd2 ({10:+0.34} 7. Bd2 7... Qa6 8. Qb3 Nd7 9. Nc3 Ne7 10.
O-O-O Qb6 11. Qa4 11... Qd8 $14) ({10:+0.48} 7. Nbd2 7... Qa6 8. c4 Bb4 9. O-O
Ne7 10. Rd1 Bxd2 11. Nxd2 O-O 12. Re1 $14) 7... Qa6 8. O-O Qxd3 9. cxd3 h5 10.
Nc3 Ne7 11. Rfe1 Nf5 12. Ne2 g6 13. Ng3 Ne7 14. Nf1 Nf5 15. Ne3 Nxe3 16. fxe3
Bh6 17. Ba5 Kd7 18. e4 Na6 19. exd5 cxd5 20. Re2 Rac8 21. Rf1 Rc1 22. Rxc1 Bxc1
23. Bc3 Rc8 24. Kf2 b5 25. a3 Bh6 26. Kg3 Nb8 27. Rf2 Nc6 28. Kh4 Ke8 29. Ng5
Bxg5+ 30. Kxg5 Ke7 31. Kh6 Kf8 32. Rf6 Kg8 33. Kg5 a5 34. g4 hxg4 35. Kxg4 b4
36. axb4 axb4 37. Bd2 Ra8 38. Be3 Ra1 39. Rf2 Rg1+ 40. Kf3 Rd1 41. Ke2 Rb1 42.
Kf3 b3 43. Kg2 Nb4 44. Rd2 Nc2 45. Bf2 Rxb2 46. Kh3 Ra2 47. Rd1 b2 48. Rb1 Na3
49. Rxb2 Rxb2 50. Kg2 Nb5 51. Kf3 Kg7 52. h4 Rxf2+ 53. Kxf2 Nxd4 54. Ke3 Nf5+
55. Kf2 Nxh4 56. Ke3 Nf5+ 57. Ke2 Kh6 58. Kf2 Kh5 59. Ke2 Kh4 60. Kd2 Kg3 61.
Kd1 Kf2 62. Kc2 g5 63. Kc3 g4 64. Kb4 g3 65. Kc5 g2 66. Kc6 g1=Q 67. Kd7 Qg8
68. Kc7 Qe8 69. Kb7 Qd8 70. Ka6 0-1

[Event "ICS rated blitz match"]
[Site "207.99.83.227"]
[Date "1999.04.28"]
[Round "?"]
[White "Zamok"]
[Black "Hossa"]
[Result "0-1"]
[WhiteElo "2042"]
[BlackElo "2416"]
[PlyCount "120"]

1. e4 e5 2. Nf3 Nc6 3. Bb5 a6 4. Bxc6 dxc6 5. O-O Bg4 6. h3 Bh5 7. c3 Nf6 8.
Re1 Qd6 9. d4 Nd7 10. Be3 Be7 11. Nbd2 exd4 12. cxd4 O-O 13. Nf1 Qb4 14. Ng3
Bxf3 15. Qxf3 Rae8 16. Rab1 Qd6 17. Nf5 Qg6 18. Nxe7+ Rxe7 19. Bd2 Rfe8 20. e5
c5 21. Bc3 cxd4 22. Bxd4 Nxe5 23. Bxe5 Rxe5 24. Red1 c6 25. Rbc1 Qe6 26. b3 Re2
27. Qf4 Rxa2 28. Rd6 Qxb3 29. Rcd1 Rae2 30. Rd8 Re1+ 31. Rxe1 Rxd8 32. Qd6 Rf8
33. Re7 Qb5 34. Rd7 Qb1+ 35. Kh2 Qb6 36. Qe7 a5 37. Rxb7 Qxf2 38. Rd7 Qf4+ 39.
Kg1 Qc1+ 40. Kh2 h6 41. Ra7 Qf4+ 42. Kg1 Rb8 43. Rb7 Rxb7 44. Qxb7 Qe3+ 45. Kh2
Qe5+ 46. Kg1 Qe1+ 47. Kh2 Qe8 48. Qa7 Qd8 49. Qc5 Qd5 50. Qa7 Kh7 51. Kg1 f6
52. Kf1 Qd1+ 53. Kf2 Qd2+ 54. Kf3 Qd5+ 55. Kf2 h5 56. g3 Qf5+ 57. Kg2 Qc2+ 58.
Kf3 a4 59. Qa5 Qd3+ 60. Kg2 60... Qd5+ {Zamok resigns} 0-1

[Event "ICS rated blitz match"]
[Site "207.99.83.227"]
[Date "1999.04.28"]
[Round "?"]
[White "ColonialPast"]
[Black "Hossa"]
[Result "0-1"]
[WhiteElo "2182"]
[BlackElo "2419"]
[PlyCount "32"]

1. e4 c5 2. Nf3 Nc6 3. d4 cxd4 4. Nxd4 Nf6 5. Nc3 e5 6. Ndb5 Bb4 7. a3 Bxc3+ 8.
Nxc3 Qa5 9. Qd3 Nb4 10. axb4 Qxa1 11. Qd2 a5 12. b5 a4 13. Bc4 a3 14. bxa3 Rxa3
15. Nd5 Nxe4 16. Qd1 16... Ra4 {ColonialPast resigns} 0-1

[Event "ICS rated blitz match"]
[Site "207.99.83.227"]
[Date "1999.04.28"]
[Round "?"]
[White "Hossa"]
[Black "ColonialPast"]
[Result "1-0"]
[WhiteElo "2426"]
[BlackElo "2175"]
[Annotator "Fritz 5.32 (15s)"]
[PlyCount "13"]

1. Nf3 Nf6 2. d4 e6 3. e3 c5 4. Be2 Nc6 (4... b6 5. O-O g6 (5... Bb7 6. Nbd2
Be7 7. c3 O-O 8. Re1 d5 9. Ne5 Nc6 10. f4 Rc8 11. Bd3 g6 12. Qf3 Ne8 13. Qh3
Bf6 14. Ndf3 Rc7 15. Ng4 Be7 16. Bd2 Nd6 17. Re2 f6 18. Be1 Bc8 19. Qg3 Ne4 20.
Bxe4 {Piankov,E-Rodriguez Lopez,R/Open, Ubeda ESP 1998/0-1 (32)}) 6. Nc3 Bb7 7.
b3 Bg7 8. Ba3 d6 9. dxc5 bxc5 10. Qe1 O-O 11. Rd1 Qe7 12. Nb5 Rd8 13. Nd2 a6
14. Nc3 Nc6 15. Nc4 Qc7 16. Na4 Rab8 17. Bb2 Ba8 18. a3 d5 19. Nd2 {
Booth,S-Wahls,M/New York op 1994/0-1 (39)}) 5. O-O 5... Be7 $146 (5... d5 6. b3
(6. a3 a6 7. dxc5 Bxc5 8. b4 Be7 9. Bb2 O-O 10. c4 dxc4 11. Bxc4 b5 12. Be2 Qb6
13. Nc3 Rd8 14. Qb3 Bb7 15. Rfd1 h6 16. Rxd8+ Rxd8 17. Rd1 Qc7 18. Rxd8+ Qxd8
19. Qd1 Qc7 20. h3 Nd7 21. Nb1 Bd6 22. Qc2 Qb8 23. Nbd2 Nce5 24. Nxe5 Bxe5 25.
Bf3 Bxf3 26. Nxf3 Bxb2 27. Qxb2 Nb6 28. Qd4 Nc4 29. Nd2 Nxd2 30. Qxd2 Qe5 31.
Qc1 {- Kilpio,V-Elseth,R/It (open), Gausdal 1991 (31)}) 6... Bd6 7. Bb2 O-O 8.
Nbd2 Qe7 9. c4 cxd4 10. exd4 b6 11. Ne5 Bb7 12. Bf3 Ba3 13. Qc1 Bxb2 14. Qxb2
Rfd8 15. Rfe1 Rac8 16. cxd5 Nxd5 17. Nxc6 Bxc6 18. Nc4 Nb4 19. Bxc6 Rxc6 20.
Rad1 {Frosch,E-Petschar,K/AUT-chT9495 1995/0-1 (45)}) 6. c4 6... O-O $14 (6...
cxd4 $5 7. exd4 7... d5 $11) 7. d5 (7. d5 exd5 8. cxd5 $14) 1-0

[Event "ICS rated blitz match"]
[Site "207.99.83.227"]
[Date "1999.04.28"]
[Round "?"]
[White "ColonialPast"]
[Black "Hossa"]
[Result "0-1"]
[WhiteElo "2169"]
[BlackElo "2432"]
[PlyCount "70"]

1. e4 e5 2. Nf3 Nc6 3. Bb5 a6 4. Ba4 Nf6 5. O-O b5 6. Bb3 Bc5 7. c3 Nxe4 8. d4
exd4 9. cxd4 Be7 10. Re1 Nd6 11. Qe2 Kf8 12. Nc3 Bf6 13. d5 Na5 14. Bc2 Bb7 15.
Qd3 Nac4 16. Rb1 Kg8 17. b3 Nb6 18. Ne4 Nxe4 19. Qxe4 Bxd5 20. Qf4 Be6 21. g4
Nd5 22. Qg3 Nb4 23. Bf5 Bxf5 24. gxf5 Nxa2 25. Bg5 d6 26. Bxf6 Qxf6 27. Nh4 Rf8
28. Re3 Nb4 29. Re4 a5 30. Rbe1 c5 31. Re8 a4 32. Qe3 g5 33. fxg6 hxg6 34.
Rxf8+ Kxf8 35. Nf3 35... Nc2 {ColonialPast resigns} 0-1

[Event "ICS rated blitz match"]
[Site "207.99.83.227"]
[Date "1999.04.28"]
[Round "?"]
[White "Hossa"]
[Black "ColonialPast"]
[Result "1/2-1/2"]
[WhiteElo "2438"]
[BlackElo "2163"]
[PlyCount "108"]

1. Nf3 Nf6 2. d4 e6 3. e3 Be7 4. Bd3 O-O 5. e4 d5 6. e5 Nfd7 7. O-O c5 8. c3
Nc6 9. Qc2 h6 10. Qe2 Qb6 11. dxc5 Nxc5 12. Bc2 Qa6 13. Qxa6 Nxa6 14. Bf4 Nc5
15. Nbd2 b6 16. b4 Nd7 17. b5 Na5 18. Nd4 Bb7 19. N4b3 Nxb3 20. axb3 a5 21.
bxa6 Rxa6 22. Bd3 Rxa1 23. Rxa1 Ra8 24. Rxa8+ Bxa8 25. Bb5 Nb8 26. Nf3 Bc6 27.
Nd4 Bxb5 28. Nxb5 Nc6 29. g3 g5 30. Be3 Bc5 31. Bxc5 bxc5 32. f4 f6 33. exf6
Kf7 34. fxg5 hxg5 35. Nd6+ Kxf6 36. Nb7 c4 37. bxc4 dxc4 38. h4 gxh4 39. gxh4
Ne7 40. Kg2 Nd5 41. Nd6 Nxc3 42. Nxc4 Nd5 43. Kg3 Kf5 44. Na5 e5 45. Nc6 e4 46.
Nd4+ Kg6 47. Kh3 e3 48. Ne2 Kf5 49. Kg3 Ne7 50. Kf3 Ng6 51. Ng3+ Kf6 52. h5 Kg5
53. Kxe3 Nf4 54. Ne2 54... Kxh5 {
Game drawn because neither player has mating material} 1/2-1/2

[Event "ICS rated blitz match"]
[Site "207.99.83.227"]
[Date "1999.04.28"]
[Round "?"]
[White "ColonialPast"]
[Black "Hossa"]
[Result "1-0"]
[WhiteElo "2174"]
[BlackElo "2427"]
[Annotator "Crafty v16.6"]
[PlyCount "138"]

{annotating for player ossa using a scoring margin of +0.10 pawns. search time
limit is 10.00} 1. e4 1... c5 2. Nf3 Nc6 3. d4 cxd4 4. Nxd4 Nf6 ({8:-0.50} 4...
Nf6 5. Nxc6 bxc6 6. Bd3 d6 7. O-O Bg4 8. Be2 8... Qd7 $14) ({8:-0.38} 4... Qc7
5. Nc3 Nf6 6. Ndb5 Qb8 7. f4 e5 8. f5 $14) 5. Nc3 e5 6. Ndb5 Bb4 7. a3 Bxc3+ 8.
Nxc3 Qa5 ({9:-0.58} 8... Qa5 9. Bd3 d5 10. Bd2 d4 11. Nd5 Qd8 12. Qf3 12... Be6
$14) ({9:-0.36} 8... O-O 9. Bd3 Nd4 10. O-O Qc7 11. Ne2 d5 12. exd5 Nxd5 13.
Bg5 $14) 9. Bd2 Qb6 10. Rb1 O-O 11. Bd3 d6 12. O-O Bg4 13. Qe1 Be6 14. Bg5 Ng4
15. h3 Nf6 16. Bxf6 gxf6 17. Kh1 Nd4 18. f4 Rac8 19. f5 Bc4 20. Bxc4 Rxc4 21.
Nd5 Qd8 22. c3 Nb3 23. Qe2 b5 24. Rf3 Kh8 25. Rg3 Rg8 26. Rxg8+ Kxg8 27. Qg4+
Kh8 28. Qh4 Kg7 29. Re1 Nd2 30. Re3 Rxe4 31. Rxe4 Nxe4 32. Qxe4 a6 33. a4 Kh8
34. axb5 axb5 35. c4 Qc8 36. Nxf6 bxc4 37. Qg4 h6 38. Nd5 Kh7 39. f6 Qxg4 40.
hxg4 Kg6 41. Kh2 Kg5 42. Kg3 Kg6 43. Kh4 e4 44. g3 e3 45. Nxe3 Kxf6 46. Nxc4 d5
47. Ne3 d4 48. Nc4 d3 49. Kh3 Ke6 50. Kg2 Kd5 51. Nd2 Ke5 52. Kf3 Kd4 53. Kf4
f6 54. Kf3 Kd5 55. Ke3 Ke6 56. Kxd3 f5 57. gxf5+ Kxf5 58. Ke3 h5 59. b4 Ke5 60.
b5 Ke6 61. b6 Kd7 62. Kf4 Kd8 63. Kg5 Ke8 64. Kxh5 Kf7 65. b7 Ke6 66. b8=Q Kf7
67. Qd6 Ke8 68. Qc7 Kf8 69. Kg6 Ke8 1-0

[Event "ICS rated blitz match"]
[Site "207.99.83.227"]
[Date "1999.04.28"]
[Round "?"]
[White "Hossa"]
[Black "SuperChicken"]
[Result "0-1"]
[WhiteElo "2398"]
[BlackElo "2701"]
[Annotator "Crafty v16.6"]
[PlyCount "115"]

{annotating for player ossa using a scoring margin of +0.10 pawns. search time
limit is 10.00} 1. e4 1... e5 2. Nf3 Nc6 3. d4 exd4 4. Nxd4 Bc5 5. Nxc6 Qf6 6.
Qd2 bxc6 7. Bd3 Ne7 8. Qf4 Qxf4 9. Bxf4 d6 10. O-O Rb8 11. b3 ({9:-0.09} 11. b3
11... O-O 12. Bg5 Ng6 13. Re1 Ne5 14. Be2 Ng4 15. Rf1 $10) ({9:+0.12} 11. Nc3
11... Ng6 12. Bd2 Bd4 13. Na4 Ne5 14. Ba5 Bxb2 15. Nxb2 Rxb2 16. Bxc7 Nxd3 17.
cxd3 $10) 11... O-O 12. Nc3 Bd4 13. Bd2 Bg4 14. Rae1 Ng6 15. Ne2 Bc5 16. Ba5
Bb6 17. Bc3 Rfe8 18. Nd4 Ne5 19. Ba6 Bc5 20. a4 Bb4 21. Bxb4 Rxb4 22. c3 Rb6
23. Be2 Bxe2 24. Rxe2 c5 25. Nb5 Rb7 26. f4 Ng6 27. f5 Ne5 28. Rb1 Reb8 29.
Reb2 a6 30. Na3 Nd3 31. Rd2 Ne5 32. Rdb2 Kf8 33. b4 Nd3 34. Rb3 cxb4 35. Nc2 a5
36. cxb4 Nc5 37. Rh3 axb4 38. a5 Nxe4 39. a6 Rb6 40. Rxh7 Kg8 41. Rh4 d5 42.
Ne3 c6 43. a7 Ra8 44. Rc1 b3 45. Nc4 b2 46. Rb1 dxc4 47. Rxe4 c3 48. Re2 Rxa7
49. h3 Ra1 50. Re8+ Kh7 51. Ree1 Rxb1 52. Rxb1 c2 53. Rf1 b1=Q 54. h4 Qxf1+ 55.
Kxf1 c1=Q+ 56. Ke2 Rb3 57. f6 Re3+ 58. Kf2 0-1

[Event "ICS rated blitz match"]
[Site "207.99.83.227"]
[Date "1999.04.28"]
[Round "?"]
[White "sicillianknight"]
[Black "Hossa"]
[Result "1-0"]
[WhiteElo "2635"]
[BlackElo "2393"]
[Annotator "Crafty v16.6"]
[PlyCount "126"]

{annotating for player ossa using a scoring margin of +0.10 pawns. search time
limit is 10.00} 1. d4 1... e6 2. c4 d5 3. Nc3 Bb4 4. Nf3 dxc4 ({8:+0.06} 4...
dxc4 5. e3 Qd5 6. Nd2 Bxc3 7. bxc3 Ne7 8. Ba3 b5 9. Bxe7 9... Kxe7 $10) ({
8:+0.19} 4... Ne7 5. a3 Bxc3+ 6. bxc3 O-O 7. e3 Nbc6 8. Ng5 f6 9. Nf3 $10) 5.
e3 Qd5 6. Bd2 Bxc3 7. Bxc3 Nf6 8. Ne5 Nc6 9. Nxc6 Qxc6 10. Qe2 b5 11. a4 a6 12.
Bb4 Bb7 13. Qd2 Nd5 14. axb5 axb5 15. Rxa8+ Bxa8 16. Bc5 Nf6 17. f3 e5 18. Be2
Nd7 19. Ba3 Qg6 20. Qa5 Bb7 21. Qxc7 Qc6 22. Qa5 exd4 23. exd4 f6 24. Qb4 Kf7
25. Qe7+ Kg6 26. O-O Nb6 27. Bd1 Nd5 28. Bc2+ Kh6 29. Qe1 Qe8 30. Be4 Qh5 31.
Bd6 Rd8 32. Bg3 Rf8 33. Qa5 Bc6 34. Qd2+ Qg5 35. f4 Qg4 36. f5+ Qg5 37. Bf4
Nxf4 38. Rxf4 g6 39. Bxc6 Kg7 40. h4 Qg3 41. Bxb5 Rb8 42. Bxc4 Rxb2 43. Qxb2
Qxf4 44. Qf2 Qc1+ 45. Bf1 gxf5 46. Qxf5 Qe3+ 47. Qf2 Qe4 48. Be2 Kf7 49. Bf3
Qg6 50. Bd5+ Kf8 51. Qf4 Qb1+ 52. Kh2 Qb6 53. Kg3 Ke8 54. Be4 h6 55. d5 f5 56.
Qe5+ Kd8 57. Bxf5 Qc5 58. Qh8+ Kc7 59. Qg7+ Kb8 60. Qxh6 Qg1 61. Qd6+ Kb7 62.
Qe7+ Ka6 63. d6 Qd4 1-0

[Event "ICS Rated blitz match"]
[Site "207.99.83.227"]
[Date "1999.04.28"]
[Round "?"]
[White "Hossa"]
[Black "guoyu"]
[Result "1-0"]
[WhiteElo "2433"]
[BlackElo "2435"]
[PlyCount "137"]

1. e4 e5 2. Nc3 Nc6 3. Nf3 Nf6 4. Bb5 Bc5 5. O-O d6 6. d4 exd4 7. Nxd4 Bd7 8.
Be3 Bb6 9. Qd3 O-O 10. Nxc6 bxc6 11. Bc4 Ng4 12. Bxb6 axb6 13. Qg3 b5 14. Be2
Nf6 15. a3 Re8 16. Bf3 Qe7 17. Rad1 Qe5 18. Rd2 c5 19. Re2 b4 20. axb4 cxb4 21.
Nd5 Nxd5 22. exd5 Qxg3 23. Rxe8+ Bxe8 24. fxg3 Ra2 25. Rb1 f6 26. Be4 Bg6 27.
Bxg6 hxg6 28. Kf2 Ra5 29. Rd1 Rc5 30. Rd2 f5 31. h4 Kf7 32. Ke3 Kf6 33. Kd4 g5
34. c4 bxc3 35. bxc3 gxh4 36. gxh4 Ra5 37. Rf2 Ra4+ 38. c4 g6 39. g4 Ra1 40.
gxf5 gxf5 41. Rh2 Kg6 42. h5+ Kh6 43. Ke3 Rf1 44. Rh3 Rc1 45. Kf4 Rf1+ 46. Kg3
Rc1 47. Kf4 Rf1+ 48. Kg3 Rc1 49. Kf4 Rxc4+ 50. Kxf5 Rc1 51. Ke6 Rc5 52. Rh2 Rc1
53. Rh4 Rg1 54. Kd7 Rg5 55. Kc6 Rg7 56. Rh3 Rh7 57. Rb3 Kg5 58. Rb7 Kf5 59.
Rxc7 Rxh5 60. Re7 Kf6 61. Re6+ Kf7 62. Kxd6 Rh1 63. Re7+ Kf8 64. Kd7 Ra1 65. d6
Ra7+ 66. Ke6 Rxe7+ 67. dxe7+ Ke8 68. Kd6 Kf7 69. Kd7 {guoyu resigns} 1-0